=LDR 00000nam 2200000 4500 =001 INLIS000000000006320 =005 20130612094451 =008 ***********************************Ind** =035 ##$$0010-061300000006320 =041 ##$$a Ind =082 ##$$a 200 =090 ##$$a 200, Sal m =100 ##$$a SALIBI, Kamal =245 ##$$a Mencari asal usul kitab suci, Kamal Salibi. -- =260 ##$$a 1994 $b Jakarta =300 ##$$a 234 hlm, ilus, 21 cm =650 ##$$a Kitab Suci =850 ##$$a NBPNMAT